<?xml version="1.0" encoding="UTF-8"?>
<record
    xmlns:xsi="http://www.w3.org/2001/XMLSchema-instance"
    xsi:schemaLocation="http://www.loc.gov/MARC21/slim http://www.loc.gov/standards/marcxml/schema/MARC21slim.xsd"
    xmlns="http://www.loc.gov/MARC21/slim">

  <leader>00542nam a2200217 u 4500</leader>
  <controlfield tag="001">17124</controlfield>
  <controlfield tag="005">20260504071823.0</controlfield>
  <controlfield tag="008">960313s1968                        spa  </controlfield>
  <datafield tag="035" ind1=" " ind2=" ">
    <subfield code="a">17124</subfield>
  </datafield>
  <datafield tag="035" ind1=" " ind2=" ">
    <subfield code="a">(OCoLC)778035515</subfield>
  </datafield>
  <datafield tag="040" ind1=" " ind2=" ">
    <subfield code="c">comduadb</subfield>
  </datafield>
  <datafield tag="041" ind1=" " ind2=" ">
    <subfield code="a">spa</subfield>
  </datafield>
  <datafield tag="082" ind1=" " ind2="4">
    <subfield code="a">378</subfield>
  </datafield>
  <datafield tag="100" ind1="1" ind2="0">
    <subfield code="a">Randle, Patricio H.</subfield>
    <subfield code="4">aut</subfield>
    <subfield code="e">aut</subfield>
    <subfield code="9">241304</subfield>
  </datafield>
  <datafield tag="245" ind1="1" ind2="0">
    <subfield code="a">Hacia una nueva universidad</subfield>
  </datafield>
  <datafield tag="250" ind1=" " ind2=" ">
    <subfield code="a">1.ed.</subfield>
  </datafield>
  <datafield tag="260" ind1=" " ind2=" ">
    <subfield code="a">Argentina :</subfield>
    <subfield code="b">Eudeba,</subfield>
    <subfield code="c">1968.</subfield>
  </datafield>
  <datafield tag="300" ind1=" " ind2=" ">
    <subfield code="a">115 p&#xE1;ginas</subfield>
  </datafield>
  <datafield tag="650" ind1=" " ind2="7">
    <subfield code="a">Reforma universitaria</subfield>
    <subfield code="2">lemb</subfield>
    <subfield code="9">672</subfield>
  </datafield>
  <datafield tag="942" ind1=" " ind2=" ">
    <subfield code="c">BOOK</subfield>
  </datafield>
  <datafield tag="999" ind1=" " ind2=" ">
    <subfield code="c">28499</subfield>
    <subfield code="d">28499</subfield>
  </datafield>
  <datafield tag="952" ind1=" " ind2=" ">
    <subfield code="0">0</subfield>
    <subfield code="1">0</subfield>
    <subfield code="4">0</subfield>
    <subfield code="7">0</subfield>
    <subfield code="8">GEN</subfield>
    <subfield code="a">BC</subfield>
    <subfield code="b">BC</subfield>
    <subfield code="d">2001-04-20</subfield>
    <subfield code="e">Material adquirido por donaci&#xF3;n</subfield>
    <subfield code="i">C677811</subfield>
    <subfield code="l">0</subfield>
    <subfield code="o">378.19 R191h e2</subfield>
    <subfield code="p">61000003899586</subfield>
    <subfield code="r">2025-12-02 14:51:52</subfield>
    <subfield code="t">1</subfield>
    <subfield code="w">2023-04-20</subfield>
    <subfield code="y">BOOK</subfield>
  </datafield>
</record>
